01795nam a2200385 i 4500003001000000005001700010007000300027008004100030020001800071040003500089041001300124084001200137100004100149245010600190250004700296264006500343300005900408336002700467337003300494338002800527500010800555521006100663534007500724600004100799650005200840650005800892650004800950650005500998650007801053651006201131700005001193942001601243999001701259952013301276CO-BoRNBP20250604105210.0ta210723r20032016mx a b 000 1 spa d a9789687381473 aCO-BoRNBPbspaerdacCO-BoRNBP1 aspaheng aLM ZEM11 aZeman, Luzmilad1947-eautora95941710aEl rey Gilgamesh Icnarrado e ilustrado por Ludmila Zeman ; traducción de Laura Emilia Pacheco Romo aPrimera ediciónbSéptima reimpresión 1aCiudad de México, MéxicobEdiciones Tecolotec2003c2016 a76 páginas sin numerarbilustraciones a colorc26 cm atextobtxt2rdacontent asin mediaciónbn2rdamedia avolumenbnc2rdacarrier aEl material correspondiente a la dotación PNLB 2022, corresponde a la séptima reimpresión de 2016 aRecomendado para un público infantil mayor de 9 años tGilgamesh the KingtThe revenge of IshtartThe last quest of Gilgamesh14aGilgameshvCuentos y leyendas95941800aLeyendas mesopotámicasySiglo XX2LEMB95941900aLiteratura infantil canadienseySiglo XX2LEMB95942000aAutores canadienses.ySiglo XX2LEMB95942100aReyes y soberanosvCuentos y leyendas2LEMB95942200aCiudades y pueblos antiguoszMesopotamiavCuentos y leyendas2LEMB959423 4aMesopotamiaxReyes y soberanosvCuentos y leyendas9594241 aPacheco Romo, Laura Emiliaetraductora959425 2loccBKLITI c57094d57094 00102ddc40708GENaMECASARIbMECASARIcGENd2025-06-04l0oLM ZEM1pMDA0000990r2025-06-04 10:55:37tEj.1w2025-06-04yBKLITI